MARC

LEADER 00000nas1a2200000 4500
001 581115
005 20231102022047.0
011 |a 2307-6046 
035 |a (RuTPU)RU\TPU\prd\281113 
035 |a RU\TPU\prd\280960 
090 |a 581115 
100 |a 20181106a20139999k y0rusy50 ca 
101 0 |a rus 
102 |a RU 
110 |a agaz|||0uu0 
200 1 |a Труды ВИАМ  |e научный журнал  |f Всероссийский научно-исследовательский институт авиационных материалов (ВИАМ) 
210 |a Москва  |c [Б. и.]  |d 2016- 
305 |a Издается с 2013 г. 
326 |a 12 номеров в год 
606 |a Авиационные материалы  |2 stltpush  |3 (RuTPU)RU\TPU\subj\447  |9 29371 
610 1 |a сплавы 
610 1 |a стали 
610 1 |a лакокрасочные покрытия 
610 1 |a наноматериалы 
610 1 |a испытания 
610 1 |a защита 
610 1 |a электронный ресурс 
675 |a 629.73.002.3  |v 3 
712 0 2 |a Всероссийский научно-исследовательский институт авиационных материалов (ВИАМ)  |c (Москва)  |2 stltpush  |3 (RuTPU)RU\TPU\col\14642 
801 0 |a RU  |b 63413507  |c 20011210  |g PSBO 
801 2 |a RU  |b 63413507  |c 20181106  |g PSBO 
856 4 |u http://viam-works.ru/ru/ 
856 4 |u https://elibrary.ru/title_about.asp?id=37465 
942 |c CR